Анализ риска здоровью - 2023 (Запись № 12572679)

Подробности
000 -МАРКЕР
контрольное поле 03182nam1a2200421 4500
001 - ИДЕНТИФИКАТОР ЗАПИСИ
контрольное поле RU\NLR\BIBL_A\022042174
005 - ИДЕНТИФИКАТОР ВЕРСИИ
контрольное поле 20260408075408.0
010 ## - МЕЖДУНАРОДНЫЙ СТАНДАРТНЫЙ НОМЕР КНИГИ (ISBN)
Номер (ISBN) 9785398029352
Уточнения общ.
035 ## - ДРУГИЕ СИСТЕМНЫЕ НОМЕРА
Идентификатор записи (RuMoRGB)012096923
035 ## - ДРУГИЕ СИСТЕМНЫЕ НОМЕРА
Идентификатор записи (NLR Aleph) 022042174
100 ## - ДАННЫЕ ОБЩЕЙ ОБРАБОТКИ
Данные общей обработки 20231005g20239999k y0rusy50 ca
101 0# - ЯЗЫК РЕСУРСА
Язык текста, звукозаписи и т.д. русский
102 ## - СТРАНА ПУБЛИКАЦИИ ИЛИ ПРОИЗВОДСТВА
Страна публикации Российская Федерация
105 ## - ПОЛЕ КОДИРОВАННЫХ ДАННЫХ: ТЕКСТОВЫЕ МАТЕРИАЛЫ, МОНОГРАФИЧЕСКИЕ
Кодированные данные о монографическом текстовом документе z
181 #0 - ПОЛЕ КОДИРОВАННЫХ ДАННЫХ: ВИД СОДЕРЖАНИЯ
Код вида содержания (ISBD) i3
Код характеристики содержания (ISBD) axxe
182 #0 - ПОЛЕ КОДИРОВАННЫХ ДАННЫХ: ТИП СРЕДСТВА
Код типа средства (ISBD) n - непосредственное
200 1# - ЗАГЛАВИЕ И СВЕДЕНИЯ ОБ ОТВЕТСТВЕННОСТИ
Основное заглавие Анализ риска здоровью - 2023
Сведения, относящиеся к заглавию материалы XIII Всероссийской научно-практической конференции с международным участием (Пермь, 17-19 мая 2023 г.)
-- совместно с Международной встречей по окружающей среде и здоровью RISE-2023
-- в двух томах
Первые сведения об ответственности Федеральная служба по надзору в сфере защиты прав потребителей и благополучия человека [и др.]
Последующие сведения об ответственности под редакцией профессора А. Ю. Поповой, академика РАН Н. В. Зайцевой
203 ## - ВИД СОДЕРЖАНИЯ И ТИП СРЕДСТВА
Вид содержания Текст
Дополнительные сведения об издании визуальный
Тип средства непосредственный
210 ## - ПУБЛИКАЦИЯ, РАСПРОСТРАНЕНИЕ И ДР.
Место издания, распространения и т.д. Пермь
Имя издателя, распространителя и т. д. Изд-во Пермского национального исследовательского политехнического университета
Дата издания, распространения и т.д. 2023
215 ## - ФИЗИЧЕСКАЯ ХАРАКТЕРИСТИКА
Размеры 25
300 ## - ОБЩИЕ ПРИМЕЧАНИЯ
Текст примечания На тит. с.: Десятилетию науки и технологий в России посвящается
333 ## - ПРИМЕЧАНИЯ ОБ ОСОБЕННОСТЯХ РАСПРОСТРАНЕНИЯ И ИСПОЛЬЗОВАНИЯ
Текст примечания 16+
606 1# - НАИМЕНОВАНИЕ ТЕМЫ КАК ПРЕДМЕТ
Наименование темы Здоровье
Формальный подзаголовок Съезды, совещания и т.п
Тематический подзаголовок Риск
-- Анализ
Системный номер авторитетной/нормативной записи 2260845
Идентификатор авторитетной/нормативной записи RU\NLR\AUTH\6601585424
606 1# - НАИМЕНОВАНИЕ ТЕМЫ КАК ПРЕДМЕТ
Наименование темы Санитарно-эпидемиологический надзор
Формальный подзаголовок Съезды, совещания и т.п
Системный номер авторитетной/нормативной записи 1073400
Идентификатор авторитетной/нормативной записи RU\NLR\AUTH\6699799
606 1# - НАИМЕНОВАНИЕ ТЕМЫ КАК ПРЕДМЕТ
Наименование темы Профессиональный риск
Формальный подзаголовок Съезды, совещания и т.п
Тематический подзаголовок Оценка
Системный номер авторитетной/нормативной записи 2233903
Идентификатор авторитетной/нормативной записи RU\NLR\AUTH\6601572841
686 1# - ИНДЕКСЫ ДРУГИХ КЛАССИФИКАЦИЙ
Индекс Р11(0)0я431
686 1# - ИНДЕКСЫ ДРУГИХ КЛАССИФИКАЦИЙ
Индекс Р124.4я431(2)
686 1# - ИНДЕКСЫ ДРУГИХ КЛАССИФИКАЦИЙ
Индекс Р11(0)1я431
702 #1 - ИМЯ ЛИЦА - ВТОРИЧНАЯ ОТВЕТСТВЕННОСТЬ
Код отношения Редактор
Графика поля Кириллица
Материалы, к которым относится поле rus
Начальный элемент ввода Попова
Часть имени, кроме начального элемента ввода А. Ю.
Дополнения к именам, кроме дат д-р мед. наук, гос. деятель
Даты 1960-
Расширение инициалов личного имени Анна Юрьевна
Системный номер авторитетной/нормативной записи 138869
Идентификатор авторитетной/нормативной записи RU\NLR\AUTH\770138904
711 12 - НАИМЕНОВАНИЕ ОРГАНИЗАЦИИ - АЛЬТЕРНАТИВНАЯ ОТВЕТСТВЕННОСТЬ
Начальный элемент ввода "Анализ риска здоровью - 2023", всероссийская научно-практическая конференция с международным участием
Порядковый номер временной организации и / или порядковый номер ее части 13
Место проведения временной организации Пермь
Системный номер авторитетной/нормативной записи 862873
Идентификатор авторитетной/нормативной записи RU\NLR\AUTH\880598962
711 12 - НАИМЕНОВАНИЕ ОРГАНИЗАЦИИ - АЛЬТЕРНАТИВНАЯ ОТВЕТСТВЕННОСТЬ
Графика поля Латинская
-- Кириллица
Начальный элемент ввода "RISE-2023", международная встреча по окружающей среде и здоровью
Место проведения временной организации Пермь
Системный номер авторитетной/нормативной записи 862877
Идентификатор авторитетной/нормативной записи RU\NLR\AUTH\880598964
712 01 - НАИМЕНОВАНИЕ ОРГАНИЗАЦИИ - ВТОРИЧНАЯ ОТВЕТСТВЕННОСТЬ
Код отношения Организатор конференции
Начальный элемент ввода Российская Федерация
Структурное подразделение Федеральная служба по надзору в сфере защиты прав потребителей и благополучия человека
Идентификатор авторитетной/нормативной записи RU\NLR\AUTH\8810073282
Системный номер авторитетной/нормативной записи 648640
852 ## - МЕСТОНАХОЖДЕНИЕ И ШИФР ХРАНЕНИЯ
Идентификатор организации NLR
Шифр хранения (Call Number) 2023-7/5425
942 ## - ДОПОЛНИТЕЛЬНЫЕ ЭЛЕМЕНТЫ ЗАПИСИ (АБИС)
Тип экземпляра АБИС Книга

Нет доступных экземпляров.